| 000 | 00686nam a2200193Ia 4500 | ||
|---|---|---|---|
| 008 | 151121s9999||||xx |||||||||||||| ||und|| | ||
| 082 | _a818/चांदोर | ||
| 082 | _bHNW-113531 | ||
| 100 | _aचांदोरकर नीला | ||
| 245 | _aजीव जिथे गुंतलेला | ||
| 260 | _b"मेहता पब्लिशिंग हाऊस, पुणे।" | ||
| 260 | _c2013 | ||
| 300 | _a296 | ||
| 600 | _aचांदोरकर नीला | ||
| 630 | _aजीव जिथे गुंतलेला | ||
| 700 | _aचांदोरकर नीला | ||
| 730 | _aजीव जिथे गुंतलेला | ||
| 942 | _cBOOK | ||
| 999 |
_c1262636 _d1262633 |
||